| 000 | 00847cam a22002773a 4500 | ||
|---|---|---|---|
| 001 | 34990 | ||
| 003 | PGUSA | ||
| 005 | 20140828083744.0 | ||
| 008 | 110117s2011||||xxu|||||s|||||000 | eng d | ||
| 040 |
_aPGUSA _beng |
||
| 042 | _adc | ||
| 050 | 4 | _aF001 | |
| 100 | 1 |
_aThoreau, Henry David, _d1817-1862 |
|
| 245 | 1 | 0 |
_aCanoeing in the wilderness _h[electronic resource] / _cHenry David Thoreau |
| 260 |
_bProject Gutenberg, _c2011 |
||
| 506 | _aPublic domain in the USA. | ||
| 516 | _aElectronic text | ||
| 653 | _aCanoes and canoeing | ||
| 653 | _aMaine -- Description and travel | ||
| 653 | _aPiscataquis County (Me.) -- Description and travel | ||
| 700 | 1 |
_aJohnson, Clifton, _d1865-1940 |
|
| 700 | 1 |
_aHammell, Will, _d1888-1963 |
|
| 830 | 0 |
_aProject Gutenberg _v34990 |
|
| 856 | 4 | 0 | _uhttp://www.gutenberg.org/ebooks/34990 |
| 942 | _cEB | ||
| 999 |
_c264245 _d264245 |
||